|
|
|
|
| LEADER |
00000nab a2200000 a 4500 |
| 001 |
vtls000898375 |
| 003 |
SK-MaSNL |
| 005 |
20260305014300.0 |
| 008 |
040720e19980114xo 0 slo |
| 035 |
|
|
|a KE7383
|
| 040 |
|
|
|a KEVKJB
|b slo
|c KEVKJB
|e AACR2
|
| 041 |
0 |
|
|a slo
|
| 044 |
|
|
|a xo
|c SK
|
| 080 |
|
|
|a 77
|2 1981
|
| 080 |
|
|
|a 061.237
|2 1981
|
| 080 |
|
|
|a 027.53:885.0-3:929
|2 1981
|
| 245 |
0 |
0 |
|a Klasika i experimenty
|b V Bocatiovej knižnici sa predstavuje Galéria NOVA
|
| 610 |
2 |
7 |
|a Verejná knižnica Jána Bocatia v Košiciach.
|b Fotogaléria NOVA
|2 snkbucl
|9 259984
|
| 648 |
|
7 |
|a 1998
|2 snkbucl
|9 282348
|
| 650 |
0 |
7 |
|a fotografia
|2 KEVKJB
|9 1694
|
| 650 |
0 |
7 |
|a výstavy
|2 snkbucl
|9 2780
|
| 651 |
|
7 |
|a Košice (Slovensko)
|2 KEVKJB
|9 18694
|
| 773 |
0 |
8 |
|t Košický večer
|g Roč. 9
|g Roč. 30, č.8, 14.1.1998, s. 4
|
| 852 |
|
|
|a ZVYKNI
|b KIS3GCP
|
| 999 |
|
|
|c 3268713
|d 3270643
|